Statistiken für 50 größte Länder der Welt (Auf der Karte) Quiz

Klicken Sie hier um das Quiz zu spielen!

Allgemein

  • Dieses Quiz wurde 88 mal gespielt
  • Das Durchschnittsergebnis liegt bei 40 aus 50

Antworten auf der Karte

Die Antworten werden auf der Karte rot bzw. grün angezeigt, abhängig davon wie oft sie richtig erraten wurden.
 

Antwortstatistiken

Antwort% Korrekt
Russland
100%
China
97%
Brasilien
96%
Kanada
96%
Australien
94%
Indien
94%
Vereinigte Staaten
93%
Mongolei
91%
Argentinien
90%
Indonesien
90%
Mexiko
90%
Saudi-Arabien
90%
Kasachstan
88%
Algerien
87%
Libyen
86%
Peru
86%
Frankreich
84%
Madagaskar
84%
Ukraine
84%
Chile
81%
Iran
81%
Jemen
81%
Südafrika
81%
Türkei
81%
Demokratische Republik Kongo
80%
Sudan
80%
Thailand
80%
Ägypten
78%
Bolivien
78%
Kolumbien
78%
Venezuela
78%
Afghanistan
77%
Mali
77%
Mauretanien
75%
Mosambik
75%
Namibia
74%
Pakistan
74%
Zentralafrikanische Republik
74%
Nigeria
72%
Somalia
72%
Tschad
72%
Angola
70%
Myanmar
70%
Niger
70%
Südsudan
70%
Äthiopien
68%
Kenia
68%
Tansania
64%
Sambia
61%
Botswana
59%

Verteilung der Resultate

Perzentil nach korrekt beantworteten Fragen

Anzahl Personen mit jedem Resultat

Ihre Resultats-Entwicklung

Sie haben dieses Quiz noch nicht gespielt